000 00554nam a2200181 4500
001 121278
003 ES-MaACL
005 20230906191726.0
007 t|
008 070214s1972 sp r ||||1| spa d
100 1 _aPoole, S.
_993080
245 1 0 _aIngeniería de control eléctrico /
_cS. Poole, P. A. Jackson ; traducción de Miguel Molinos Calvo.
260 _aMadrid :
_bParaninfo,
_c1972.
300 _a275 p. :
_bil. ;
_c21 cm.
700 1 _aJackson, P. A.
_965817
700 1 _aMolinos, Miguel.
_982013
852 _aES-MaACL
_jC-42261
_bR.81105
999 _c121278
_d121278